Vista normal
Vista MARC
Entrada Meeting Name
Número de registros utilizados en: 1
001 - CONTROL NUMBER
- control field: 10035
003 - CONTROL NUMBER IDENTIFIER
- control field: OSt
005 - DATE AND TIME OF LATEST TRANSACTION
- control field: 20200909130916.0
008 - FIXED-LENGTH DATA ELEMENTS
- fixed length control field: 200909|| aca||aabn | a|a d
040 ## - CATALOGING SOURCE
- Original cataloging agency: OSt
- Transcribing agency: OSt
111 ## - HEADING--MEETING NAME
- Meeting name or jurisdiction name as entry element: Encuentro para la Promoción y Difusión del Patrimonio Inmaterial de Paises Iberoamericanos
- Number of part/section/meeting: (11o. :
- Date of meeting or treaty signing: 2010 :
- Location of meeting: Santa Cruz de Monpox, Colombia)
670 ## - SOURCE DATA FOUND
- Source citation: Work cat.: (OSt)3988: Encuentro para la Promoción y Difusión del Patrimonio Inmaterial de Paises Iberoamericanos (11o. : 2010 : Santa Cruz de Monpox, Colombia), Memorias del saber hacer : , 2010